000 00731nam a22002537a 4500
001 0074
003 DO-SdBNP
005 20180126091219.0
007 0074
008 151009b sp 1986 xxu||||| |||| 00| 0 spa d
020 _a8427230605
040 _aBPMSU
_bspa
_cBPMSU
100 1 0 _aBlyton, Enid
245 _aCuarto grado en torres de malory /
_cEnid Blyton ; traducción C. Peraire del Molino ; ilustración Escolano
260 _aBarcelona, España :
_bMolino,
_c1986
300 _a175 p. :
_bil.,
_c20 cm.
490 1 0 _aAventura
_v60
700 1 0 _aPeraire del Molino, C.,
_etr.
700 1 0 _aEscolano,
_eil.
830 0 0 _aAventura
_n60
942 _2ddc
_cBK
945 _aInventariado, 2018/MFF
956 _aBrenda Tavárez
999 _c8358
_d8358